000 00836nam a2200229Ia 4500
005 20250108125157.0
008 008 250107s9999 xx 000 0 hin d
020 _a978-93-91916-37-4
037 _aTB
040 _aCRL
_bhin
_cCRL
041 _ahin
_2hin
084 _aD85 R2
084 _qCRL
100 _aश्रीवास्तव, एकान्त, ले.
_9156389
245 0 _aचल हंसा वा देश
_cश्रीवास्तव, एकान्त, ले.
260 _aनई दिल्ली, भारत
_bसस्ता साहित्य मण्डल प्रकाशन
_c3549
300 _a165पृ0
365 _a
_b215
650 _aहिन्दी पत्रहिन्दी साहित्य
942 _cTB
_hD85 R2
999 _c1235937
_d1235937